000
00340nam a22001577a 4500
003
SGT
020
_a
978-81-312-3090-9
082
_a
616.01
_b
M13S
100
_a
SOOD, SEEMA
245
_a
MICROBIOLOGY FOR NURSES
250
_a
3RD
260
_a
INDIA
_b
ELSEVIER PUB
_c
2013
300
_a
363
650
_a
MICROBIOLOGY
942
_2
ddc
_c
BK
999
_c
20116
_d
20116